000 00714nam a2200205 4500
003 LK-CoMWRAF
005 20231122131456.0
008 230826b2001 |||||||| |||| 00| 0 eng d
040 _aLK-CoMWRAF
_dLK-CoMWRAF
_eLK-CoMWRAF
041 _aeng
082 _a305.8
_bMOH
100 _aMohideen, M. I. M.
245 _aMinority rights and constitutional reforms in Sri Lanka:
_ba Muslim point of view
260 _aColombo:
_bMuslim National Peoples Alliance
_c2001
300 _av, 85 p
650 _aMUSLIM MINORITY-SRI LANKA
650 _aConstitutional reforms-sri Lanka
856 _uhttp://ar.lib.seu.ac.lk/xmlui/bitstream/handle/123456789/2229/MI011897-WHOLE%20PAGE.pdf?sequence=5&isAllowed=y
942 _cBK
999 _c3269
_d3269